[Event "CZE-chT2C 0809"]
[Site "Czech Republic"]
[Date "2009.01.25"]
[Round "7.6"]
[White "Horak, Otakar"]
[Black "Jezbera, Jiri"]
[Result "1/2-1/2"]
[WhiteElo "2132"]
[BlackElo "2118"]
[PlyCount "80"]
[EventDate "2008.10.12"]
[EventType "team-tourn"]
[EventRounds "11"]
[EventCountry "CZE"]
[SourceTitle "EXT 2010"]
[Source "ChessBase"]
[SourceDate "2010.11.25"]
[SourceVersion "1"]
[SourceVersionDate "2010.11.25"]
[SourceQuality "1"]
[WhiteTeam "Mlada Boleslav"]
[BlackTeam "Hradec Kralove II"]
[WhiteTeamCountry "CZE"]
[BlackTeamCountry "CZE"]

1. d4 Nf6 2. c4 g6 3. Nc3 Bg7 4. e4 d6 5. Nf3 0-0 6. g3 e5 7. Bg2 Nc6 8. d5 Ne7 9. 0-0 Nd7 10. Ne1 f5 11. Nd3 Nf6 12. f3 h5 13. f4 Nxe4 14. Nxe4 fxe4 15. Bxe4 Bh3 16. Re1 exf4 17. Nxf4 Bg4 18. Qd3 h4 19. h3 Bd7 20. g4 Be5 21. Nxg6 Nxg6 22. Bxg6 Qf6 23. Rf1 Bd4+ 24. Kg2 Qxf1+ 25. Qxf1 Rxf1 26. Kxf1 Rf8+ 27. Ke2 Rf2+ 28. Kd3 Bf6 29. Be3 Rf3 30. Ke4 Rxh3 31. g5 Be5 32. Rf1 Bg4 33. Bf7+ Kg7 34. Be6 Rg3 35. Bf4 Bxf4 36. Kxf4 Be2 37. Rh1 Rf3+ 38. Ke4 Rg3 39. Kf4 Rf3+ 40. Ke4 Rg3 1/2-1/2

[Event "Czechia KP-chTA 0607"]
[Site "Czech Republic"]
[Date "2007.02.04"]
[Round "7.4"]
[White "Horak, Otakar"]
[Black "Pechoc, Bohumil"]
[Result "0-1"]
[WhiteElo "2114"]
[BlackElo "2010"]
[PlyCount "115"]
[EventDate "2006.10.29"]
[EventType "team"]
[EventRounds "11"]
[EventCountry "CZE"]
[SourceTitle "EXT 2008"]
[Source "ChessBase"]
[SourceDate "2007.11.25"]
[SourceVersion "1"]
[SourceVersionDate "2007.11.25"]
[SourceQuality "1"]
[WhiteTeam "Emerge MB B"]
[BlackTeam "Pribram II"]
[WhiteTeamCountry "CZE"]
[BlackTeamCountry "CZE"]

1. d4 g6 2. c4 Bg7 3. Nc3 c6 4. e4 a6 5. Nf3 d6 6. Be2 Bg4 7. 0-0 Nf6 8. Be3 0-0 9. Qc2 b5 10. Rac1 Bxf3 11. gxf3 b4 12. Na4 Nbd7 13. f4 e6 14. Kh1 Qa5 15. Rg1 Nxe4 16. Qxe4 Qxa4 17. f5 Nf6 18. Qh4 exf5 19. Rg3 Rfe8 20. Bf3 d5 21. Rh3 h5 22. Rg1 Qc2 23. cxd5 cxd5 24. Qg5 Ng4 25. Bxd5 Rxe3 26. Rxg4 Re1+ 27. Rg1 Rxg1+ 28. Qxg1 Rd8 29. Bb3 Qe4+ 30. f3 Qc6 31. d5 Qb5 32. Rg3 Rd6 33. Rg2 a5 34. Qd1 Kh7 35. Rc2 Be5 36. Bc4 Qb6 37. Re2 f6 38. b3 Rd7 39. Qd2 Qc5 40. Qd3 Ra7 41. Rc2 Qe7 42. Rd2 Qd6 43. Rc2 Rd7 44. Re2 f4 45. Qe4 Re7 46. Qd3 f5 47. Qd1 Qc5 48. Kg2 Qd6 49. Qe1 Kh6 50. Qd1 Qf6 51. Kh1 g5 52. Rd2 Bd6 53. Re2 Re3 54. h3 Qe5 55. Qf1 g4 56. hxg4 fxg4 57. fxg4 f3 58. g5+ 0-1

[Event "Czechia KP-chTA 0607"]
[Site "Czech Republic"]
[Date "2007.01.07"]
[Round "5.2"]
[White "Horak, Otakar"]
[Black "Hadzala, Daniel"]
[Result "1/2-1/2"]
[WhiteElo "2114"]
[BlackElo "2141"]
[PlyCount "33"]
[EventDate "2006.10.29"]
[EventType "team"]
[EventRounds "11"]
[EventCountry "CZE"]
[SourceTitle "EXT 2008"]
[Source "ChessBase"]
[SourceDate "2007.11.25"]
[SourceVersion "1"]
[SourceVersionDate "2007.11.25"]
[SourceQuality "1"]
[WhiteTeam "Emerge MB B"]
[BlackTeam "Zebrak"]
[WhiteTeamCountry "CZE"]
[BlackTeamCountry "CZE"]

1. d4 Nf6 2. Nf3 d6 3. c4 Nbd7 4. Nc3 e5 5. e4 Be7 6. Be2 0-0 7. 0-0 c6 8. h3 Qc7 9. Be3 exd4 10. Nxd4 Nc5 11. Qc2 a5 12. b3 Re8 13. Rfe1 Bf8 14. Bf3 Bd7 15. Rad1 Rad8 16. Bg5 Be7 17. Bf4 1/2-1/2

[Event "Czechia KP-chTA 0607"]
[Site "Czech Republic"]
[Date "2006.11.26"]
[Round "3.3"]
[White "Sperl, Hynek"]
[Black "Horak, Otakar"]
[Result "1/2-1/2"]
[WhiteElo "2027"]
[BlackElo "2114"]
[PlyCount "38"]
[EventDate "2006.10.29"]
[EventType "team"]
[EventRounds "11"]
[EventCountry "CZE"]
[SourceTitle "EXT 2008"]
[Source "ChessBase"]
[SourceDate "2007.11.25"]
[SourceVersion "1"]
[SourceVersionDate "2007.11.25"]
[SourceQuality "1"]
[WhiteTeam "AS MB"]
[BlackTeam "Emerge MB B"]
[WhiteTeamCountry "CZE"]
[BlackTeamCountry "CZE"]

1. e4 c5 2. Nc3 e6 3. f4 d5 4. exd5 exd5 5. Bb5+ Nc6 6. Qe2+ Be7 7. Nf3 Nf6 8. Ne5 Qd6 9. 0-0 0-0 10. Bxc6 bxc6 11. d3 Re8 12. Bd2 Bf8 13. Rae1 Ba6 14. Qf3 Rad8 15. Rf2 Qc7 16. b3 Nd7 17. Rfe2 f6 18. Nxd7 Qxd7 19. Na4 c4 1/2-1/2

[Event "Czechia KP-chTA 0607"]
[Site "Czech Republic"]
[Date "2006.11.12"]
[Round "2.4"]
[White "Framberk, Jan"]
[Black "Horak, Otakar"]
[Result "0-1"]
[WhiteElo "2017"]
[BlackElo "2114"]
[PlyCount "78"]
[EventDate "2006.10.29"]
[EventType "team"]
[EventRounds "11"]
[EventCountry "CZE"]
[SourceTitle "EXT 2008"]
[Source "ChessBase"]
[SourceDate "2007.11.25"]
[SourceVersion "1"]
[SourceVersionDate "2007.11.25"]
[SourceQuality "1"]
[WhiteTeam "Uholicky"]
[BlackTeam "Emerge MB B"]
[WhiteTeamCountry "CZE"]
[BlackTeamCountry "CZE"]

1. e4 c5 2. Nf3 e6 3. d4 cxd4 4. Nxd4 Nf6 5. Nc3 d6 6. g4 a6 7. g5 Nfd7 8. Be3 b5 9. a3 Bb7 10. f4 Nc6 11. Qd2 Nc5 12. Bg2 Be7 13. h4 0-0 14. 0-0-0 Na5 15. Kb1 Nc4 16. Qe2 Qa5 17. Na2 Nxe4 18. Bxe4 Bxe4 19. Rhg1 Rfc8 20. Nb4 Qc7 21. Bc1 d5 22. b3 a5 23. bxc4 axb4 24. cxd5 exd5 25. Rd2 bxa3 26. Ka2 b4 27. f5 Bc5 28. Nb5 Qb6 29. Rg3 Rcb8 30. g6 hxg6 31. fxg6 Bxg6 32. h5 Qxb5 33. hxg6 Qc4+ 34. Qxc4 dxc4 35. gxf7+ Kxf7 36. Rd7+ Kf8 37. Bf4 b3+ 38. cxb3 cxb3+ 39. Kb1 a2+ 0-1